000 00450nam a2200169Ia 4500
003 OSt
005 20260202120523.0
008 210210b1938 xxu||||| |||| 00| 0 eng d
040 _cAL
041 _akan
082 _a852/694
100 _aGANDHIJI
_9160385
_dಗಾಂಧೀಜಿ
245 _aHind svarajya:
_bಹಿಂದ್ ಸ್ವರಾಜ್ಯ
260 _aBengaluru
_bGandhi Smaraka Nidhi.,
_c1938
906 _a019259
942 _2ddc
_cBK
999 _c143380
_d143380